| 000 | 01606nam0a22003251 4500 | ||
|---|---|---|---|
| 001 | rc\2772299 | ||
| 005 | 20250806210725.0 | ||
| 035 | _a(NLR Aleph) 006898656 | ||
| 090 |
_a14677 _c14677 |
||
| 100 | _a20110915d1941 u y0rusy50 ca | ||
| 101 | 0 | _arus | |
| 102 | _aRU | ||
| 105 | _aa z ||||| | ||
| 200 | 1 |
_aМанас _eКирг. нар. эпос _eГлавы из "Великого похода" _e(По варианту Сагымбая Орозбакова) _fПер. Семена Липкина, Марка Тарловского _gРед. и вступ. статья ["Кирг. эпос "Манас"] Е. Мозолькова и У. Джакишева _g[Ил. Г. Петрова и И. Костылева] |
|
| 210 |
_aМосква _cГослитиздат _d1941 |
||
| 215 |
_a160 с., 1 вкл. л. ил. _cил. _d21 см. |
||
| 702 | 1 |
_aДжакишев _bУ. _4340 _4080 |
|
| 702 | 1 |
_aПетров _bГ.А. _gГригорий Александрович _4440 |
|
| 702 | 1 |
_aКостылев _bИ.А. _gИван Александрович _4440 |
|
| 702 | 1 |
_aОрозбаков _bС. _gСагымбай _4570 |
|
| 702 | 1 |
_aЛипкин _bС.И. _gСемен Израилевич _4730 |
|
| 702 | 1 |
_aМозольков _bЕ. С. _f1909-1969 _gЕвгений Семёнович _3RU\NLR\AUTH\770278784 _4340 _4080 |
|
| 702 | 1 |
_aТарловский _bМ.А. _gМарк Аркадьевич _4730 |
|
| 801 | 0 |
_aRU _bNLR _gpsbo |
|
| 801 | 1 |
_aRU _bELAR _2rusmarc |
|
| 852 |
_aNLR _jЛ20 Г-3/7 |
||
| 942 | _cBOOK | ||
| 945 | _aРоссийская национальная библиотека | ||
| 980 | _aNB | ||
| 980 | _aBV | ||